[Event "DEM U14w 2025"]
[Site "Willingen GER"]
[Date "2025.06.13"]
[Round "8"]
[White "Mehner, Clara"]
[Black "Wagner, Cosima Thien-An"]
[Result "1/2-1/2"]
[Termination "normal"]
[Board "4"]
[WhiteElo "1643"]
[BlackElo "1835"]
[WhiteClock "00:21:25"]
[BlackClock "00:03:59"]
[PlyCount "81"]
[WhiteFideId "34612165"]
[BlackFideId "34603484"]
[EventCountry "GER"]
[EventRounds "9"]
[EventType "swiss"]
[EventDate "2025.06.07"]

1. e4 {[%clk 01:30:59]} {[%emt 00:00:01]} c5 {[%clk 01:30:58]} {[%emt
00:00:02]} 2. Nf3 {[%clk 01:31:20]} {[%emt 00:00:08]} g6 {[%clk 01:31:25]}
{[%emt 00:00:04]} 3. d4 {[%clk 01:31:40]} {[%emt 00:00:10]} cxd4 {[%clk
01:31:53]} {[%emt 00:00:03]} 4. Qxd4 {[%clk 01:31:53]} {[%emt 00:00:17]} Nf6
{[%clk 01:32:19]} {[%emt 00:00:03]} 5. Nc3 {[%clk 01:31:53]} {[%emt 00:00:30]}
Nc6 {[%clk 01:32:36]} {[%emt 00:00:13]} 6. Qa4 {[%clk 01:31:52]} {[%emt
00:00:30]} d6 {[%clk 01:32:52]} {[%emt 00:00:15]} 7. e5 {[%clk 01:31:45]}
{[%emt 00:00:37]} dxe5 {[%clk 01:33:17]} {[%emt 00:00:06]} 8. Nxe5 {[%clk
01:32:05]} {[%emt 00:00:08]} Bd7 {[%clk 01:32:59]} {[%emt 00:00:48]} 9. Nxd7
{[%clk 01:31:40]} {[%emt 00:00:55]} Nxd7 {[%clk 01:31:17]} {[%emt 00:02:13]}
10. Be3 {[%clk 01:23:32]} {[%emt 00:08:38]} Bg7 {[%clk 01:24:58]} {[%emt
00:06:49]} 11. Qb3 {[%clk 01:17:46]} {[%emt 00:06:16]} Rb8 {[%clk 01:21:03]}
{[%emt 00:04:25]} 12. a4 {[%clk 01:13:15]} {[%emt 00:05:01]} O-O {[%clk
01:19:23]} {[%emt 00:02:10]} 13. Rd1 {[%clk 01:09:17]} {[%emt 00:04:28]} Qc7
{[%clk 01:09:41]} {[%emt 00:10:12]} 14. Nd5 {[%clk 00:46:13]} {[%emt 00:23:34]}
Qa5+ {[%clk 01:00:49]} {[%emt 00:09:21]} 15. Bd2 {[%clk 00:35:18]} {[%emt
00:11:25]} Qc5 {[%clk 01:00:19]} {[%emt 00:01:00]} 16. c3 {[%clk 00:23:41]}
{[%emt 00:12:07]} Nf6 {[%clk 00:47:28]} {[%emt 00:13:21]} 17. Be3 {[%clk
00:20:05]} {[%emt 00:04:06]} Qa5 {[%clk 00:46:18]} {[%emt 00:01:40]} 18. Be2
{[%clk 00:18:46]} {[%emt 00:01:49]} Nxd5 {[%clk 00:33:43]} {[%emt 00:13:06]}
19. Rxd5 {[%clk 00:18:47]} {[%emt 00:00:29]} Qc7 {[%clk 00:34:06]} {[%emt
00:00:06]} 20. O-O {[%clk 00:17:23]} {[%emt 00:01:54]} e6 {[%clk 00:34:13]}
{[%emt 00:00:24]} 21. Rd2 {[%clk 00:16:27]} {[%emt 00:01:26]} b6 {[%clk
00:25:55]} {[%emt 00:08:47]} 22. Rfd1 {[%clk 00:15:21]} {[%emt 00:01:36]} Rbd8
{[%clk 00:25:58]} {[%emt 00:00:27]} 23. h3 {[%clk 00:13:31]} {[%emt 00:02:21]}
Na5 {[%clk 00:22:05]} {[%emt 00:04:23]} 24. Qb5 {[%clk 00:12:22]} {[%emt
00:01:38]} Rxd2 {[%clk 00:21:17]} {[%emt 00:01:18]} 25. Rxd2 {[%clk 00:12:39]}
{[%emt 00:00:13]} Rd8 {[%clk 00:21:41]} {[%emt 00:00:06]} 26. Rxd8+ {[%clk
00:11:11]} {[%emt 00:01:59]} Qxd8 {[%clk 00:22:08]} {[%emt 00:00:03]} 27. Qd3
{[%clk 00:10:47]} {[%emt 00:00:54]} Qc7 {[%clk 00:21:10]} {[%emt 00:01:28]} 28.
Qb5 {[%clk 00:07:43]} {[%emt 00:03:34]} Qd8 {[%clk 00:11:06]} {[%emt 00:10:34]}
29. Qd3 {[%clk 00:07:50]} {[%emt 00:00:22]} Qxd3 {[%clk 00:09:55]} {[%emt
00:01:41]} 30. Bxd3 {[%clk 00:08:13]} {[%emt 00:00:07]} Kf8 {[%clk 00:08:42]}
{[%emt 00:01:43]} 31. Kf1 {[%clk 00:08:11]} {[%emt 00:00:33]} Ke7 {[%clk
00:09:08]} {[%emt 00:00:04]} 32. Ke2 {[%clk 00:08:00]} {[%emt 00:00:41]} Kd6
{[%clk 00:09:30]} {[%emt 00:00:07]} 33. Bb5 {[%clk 00:06:43]} {[%emt 00:01:47]}
e5 {[%clk 00:07:57]} {[%emt 00:02:04]} 34. f3 {[%clk 00:03:15]} {[%emt
00:03:58]} f5 {[%clk 00:06:31]} {[%emt 00:01:55]} 35. Kd3 {[%clk 00:02:11]}
{[%emt 00:01:34]} Kd5 {[%clk 00:05:19]} {[%emt 00:01:43]} 36. c4+ {[%clk
00:01:50]} {[%emt 00:00:51]} Kd6 {[%clk 00:05:35]} {[%emt 00:00:12]} 37. b4
{[%clk 00:01:26]} {[%emt 00:00:55]} Nc6 {[%clk 00:04:19]} {[%emt 00:01:46]} 38.
c5+ {[%clk 00:01:09]} {[%emt 00:00:48]} Kc7 {[%clk 00:03:07]} {[%emt 00:01:41]}
39. cxb6+ {[%clk 00:01:01]} {[%emt 00:00:38]} axb6 {[%clk 00:03:30]} {[%emt
00:00:07]} 40. Bxc6 {[%clk 00:00:52]} {[%emt 00:00:40]} Kxc6 {[%clk 00:03:59]}
41. Kc4 {[%clk 00:21:25]} 1/2-1/2

[Event "DEM U14w 2025"]
[Site "Willingen GER"]
[Date "2025.06.13"]
[Round "8"]
[White "Chen, Yueyi"]
[Black "Rafikova, Ailin"]
[Result "1-0"]
[Termination "normal"]
[Board "5"]
[WhiteElo "1851"]
[BlackElo "1773"]
[WhiteClock "00:19:49"]
[BlackClock "00:08:46"]
[PlyCount "79"]
[WhiteFideId "34653902"]
[BlackFideId "34612173"]
[EventCountry "GER"]
[EventRounds "9"]
[EventType "swiss"]
[EventDate "2025.06.07"]

1. e4 {[%clk 01:30:58]} {[%emt 00:00:01]} c6 {[%clk 01:30:56]} {[%emt
00:00:05]} 2. d4 {[%clk 01:31:23]} {[%emt 00:00:04]} d5 {[%clk 01:31:23]}
{[%emt 00:00:04]} 3. e5 {[%clk 01:31:42]} {[%emt 00:00:11]} Bf5 {[%clk
01:31:45]} {[%emt 00:00:07]} 4. h4 {[%clk 01:31:52]} {[%emt 00:00:20]} h5
{[%clk 01:32:03]} {[%emt 00:00:11]} 5. Bd3 {[%clk 01:31:51]} {[%emt 00:00:32]}
Bxd3 {[%clk 01:32:21]} {[%emt 00:00:12]} 6. Qxd3 {[%clk 01:32:15]} {[%emt
00:00:07]} e6 {[%clk 01:32:16]} {[%emt 00:00:34]} 7. Bg5 {[%clk 01:32:10]}
{[%emt 00:00:35]} Qb6 {[%clk 01:28:52]} {[%emt 00:03:54]} 8. Nd2 {[%clk
01:31:46]} {[%emt 00:00:54]} c5 {[%clk 01:27:26]} {[%emt 00:01:56]} 9. c4
{[%clk 01:28:25]} {[%emt 00:03:52]} cxd4 {[%clk 01:21:58]} {[%emt 00:05:58]}
10. cxd5 {[%clk 01:24:36]} {[%emt 00:04:19]} exd5 {[%clk 01:22:04]} {[%emt
00:00:23]} 11. Ngf3 {[%clk 01:21:01]} {[%emt 00:04:05]} Nc6 {[%clk 01:21:01]}
{[%emt 00:01:33]} 12. O-O {[%clk 01:19:33]} {[%emt 00:01:58]} Nge7 {[%clk
01:16:02]} {[%emt 00:05:30]} 13. Nb3 {[%clk 01:18:06]} {[%emt 00:01:57]} Nb4
{[%clk 01:05:32]} {[%emt 00:10:59]} 14. Qd2 {[%clk 01:14:07]} {[%emt 00:04:28]}
Ng6 {[%clk 01:02:04]} {[%emt 00:03:59]} 15. Nbxd4 {[%clk 01:12:55]} {[%emt
00:01:42]} Nc6 {[%clk 00:56:09]} {[%emt 00:06:25]} 16. Nxc6 {[%clk 01:04:38]}
{[%emt 00:08:47]} bxc6 {[%clk 00:54:49]} {[%emt 00:01:50]} 17. Qd3 {[%clk
01:04:37]} {[%emt 00:00:30]} Ne7 {[%clk 00:48:02]} {[%emt 00:07:17]} 18. Nd4
{[%clk 01:03:28]} {[%emt 00:01:40]} O-O-O {[%clk 00:44:05]} {[%emt 00:04:26]}
19. Nf5 {[%clk 01:01:56]} {[%emt 00:02:03]} Ng6 {[%clk 00:34:18]} {[%emt
00:10:17]} 20. Bxd8 {[%clk 01:00:34]} {[%emt 00:01:52]} Kxd8 {[%clk 00:34:08]}
{[%emt 00:00:40]} 21. Qe2 {[%clk 00:42:48]} {[%emt 00:18:17]} Bc5 {[%clk
00:28:55]} {[%emt 00:05:43]} 22. Rac1 {[%clk 00:33:38]} {[%emt 00:09:39]} Kd7
{[%clk 00:24:04]} {[%emt 00:05:20]} 23. Nxg7 {[%clk 00:28:28]} {[%emt
00:05:41]} Nf4 {[%clk 00:18:46]} {[%emt 00:05:48]} 24. Qf3 {[%clk 00:27:30]}
{[%emt 00:01:28]} Rg8 {[%clk 00:17:29]} {[%emt 00:01:46]} 25. Qxf4 {[%clk
00:27:35]} {[%emt 00:00:26]} Rxg7 {[%clk 00:17:47]} {[%emt 00:00:12]} 26. Qf6
{[%clk 00:27:12]} {[%emt 00:00:53]} Bf8 {[%clk 00:16:40]} {[%emt 00:01:37]} 27.
e6+ {[%clk 00:27:09]} {[%emt 00:00:33]} fxe6 {[%clk 00:13:49]} {[%emt
00:03:21]} 28. Qxf8 {[%clk 00:27:07]} {[%emt 00:00:32]} Qd4 {[%clk 00:13:19]}
{[%emt 00:00:59]} 29. Qf3 {[%clk 00:25:41]} {[%emt 00:01:57]} Qxh4 {[%clk
00:13:14]} {[%emt 00:00:36]} 30. Qc3 {[%clk 00:23:43]} {[%emt 00:02:27]} Qg4
{[%clk 00:11:40]} {[%emt 00:02:03]} 31. Qxc6+ {[%clk 00:23:55]} {[%emt
00:00:19]} Ke7 {[%clk 00:11:41]} {[%emt 00:00:28]} 32. Qc7+ {[%clk 00:24:21]}
{[%emt 00:00:05]} Kf6 {[%clk 00:11:42]} {[%emt 00:00:29]} 33. Qg3 {[%clk
00:19:54]} {[%emt 00:04:57]} Qe4 {[%clk 00:09:41]} {[%emt 00:02:29]} 34. Rfe1
{[%clk 00:19:04]} {[%emt 00:01:21]} Qf5 {[%clk 00:09:09]} {[%emt 00:01:01]} 35.
Qc3+ {[%clk 00:18:59]} {[%emt 00:00:37]} Kf7 {[%clk 00:08:59]} {[%emt
00:00:39]} 36. Qe5 {[%clk 00:18:55]} {[%emt 00:00:35]} Qg4 {[%clk 00:07:38]}
{[%emt 00:01:50]} 37. Rc7+ {[%clk 00:18:57]} {[%emt 00:00:29]} Kg8 {[%clk
00:08:00]} {[%emt 00:00:08]} 38. Rxg7+ {[%clk 00:19:19]} {[%emt 00:00:08]} Qxg7
{[%clk 00:08:26]} {[%emt 00:00:05]} 39. Qxe6+ {[%clk 00:19:30]} {[%emt
00:00:18]} Kh7 {[%clk 00:08:46]} {[%emt 00:00:09]} 40. Qf5+ {[%clk 00:19:49]}
{[%emt 00:00:12]} 1-0

[Event "DEM U14w 2025"]
[Site "Willingen GER"]
[Date "2025.06.13"]
[Round "8"]
[White "Bakó, Isabella"]
[Black "Averkova, Mariia"]
[Result "1/2-1/2"]
[Termination "normal"]
[Board "6"]
[WhiteElo "1654"]
[BlackElo "1759"]
[WhiteClock "00:01:46"]
[BlackClock "00:17:37"]
[PlyCount "125"]
[WhiteFideId "16287266"]
[BlackFideId "34651470"]
[EventCountry "GER"]
[EventRounds "9"]
[EventType "swiss"]
[EventDate "2025.06.07"]

1. d4 {[%clk 01:30:58]} {[%emt 00:00:01]} Nf6 {[%clk 01:30:55]} {[%emt
00:00:06]} 2. Nf3 {[%clk 01:31:20]} {[%emt 00:00:07]} b6 {[%clk 01:31:12]}
{[%emt 00:00:14]} 3. e3 {[%clk 01:31:00]} {[%emt 00:00:50]} Bb7 {[%clk
01:31:30]} {[%emt 00:00:12]} 4. Bd3 {[%clk 01:30:24]} {[%emt 00:01:05]} g6
{[%clk 01:31:17]} {[%emt 00:00:43]} 5. Nbd2 {[%clk 01:28:52]} {[%emt 00:02:03]}
Bg7 {[%clk 01:29:54]} {[%emt 00:01:53]} 6. O-O {[%clk 01:27:16]} {[%emt
00:02:05]} d6 {[%clk 01:29:58]} {[%emt 00:00:27]} 7. c4 {[%clk 01:21:23]}
{[%emt 00:06:23]} Nbd7 {[%clk 01:29:24]} {[%emt 00:01:04]} 8. Rb1 {[%clk
01:13:47]} {[%emt 00:08:05]} e5 {[%clk 01:26:23]} {[%emt 00:03:31]} 9. Qc2
{[%clk 01:05:46]} {[%emt 00:08:31]} O-O {[%clk 01:21:39]} {[%emt 00:05:14]} 10.
b4 {[%clk 00:53:17]} {[%emt 00:13:00]} Re8 {[%clk 01:20:59]} {[%emt 00:01:09]}
11. dxe5 {[%clk 00:48:38]} {[%emt 00:05:10]} dxe5 {[%clk 01:18:05]} {[%emt
00:03:24]} 12. e4 {[%clk 00:43:33]} {[%emt 00:05:34]} c5 {[%clk 01:17:45]}
{[%emt 00:00:50]} 13. b5 {[%clk 00:41:50]} {[%emt 00:02:14]} Nh5 {[%clk
01:14:36]} {[%emt 00:03:38]} 14. Rd1 {[%clk 00:33:13]} {[%emt 00:09:06]} Nf4
{[%clk 01:13:01]} {[%emt 00:02:05]} 15. Nf1 {[%clk 00:32:17]} {[%emt 00:01:27]}
Ne6 {[%clk 01:13:03]} {[%emt 00:00:27]} 16. Ne3 {[%clk 00:28:47]} {[%emt
00:04:01]} Nd4 {[%clk 01:11:41]} {[%emt 00:01:52]} 17. Nxd4 {[%clk 00:29:00]}
{[%emt 00:00:17]} exd4 {[%clk 01:12:05]} {[%emt 00:00:05]} 18. Nd5 {[%clk
00:28:21]} {[%emt 00:01:10]} Ne5 {[%clk 01:09:27]} {[%emt 00:03:08]} 19. Bf4
{[%clk 00:26:44]} {[%emt 00:02:08]} Qd6 {[%clk 01:08:17]} {[%emt 00:01:40]} 20.
Bg3 {[%clk 00:24:35]} {[%emt 00:02:39]} Qd7 {[%clk 01:03:47]} {[%emt 00:05:00]}
21. h3 {[%clk 00:24:11]} {[%emt 00:00:54]} Qd8 {[%clk 00:55:54]} {[%emt
00:08:23]} 22. Qd2 {[%clk 00:21:19]} {[%emt 00:03:21]} Bxd5 {[%clk 00:52:13]}
{[%emt 00:04:11]} 23. exd5 {[%clk 00:21:04]} {[%emt 00:00:45]} Nd7 {[%clk
00:51:32]} {[%emt 00:01:12]} 24. Re1 {[%clk 00:20:42]} {[%emt 00:00:53]} Be5
{[%clk 00:47:32]} {[%emt 00:04:29]} 25. f4 {[%clk 00:20:16]} {[%emt 00:00:56]}
Bd6 {[%clk 00:46:51]} {[%emt 00:01:11]} 26. Rxe8+ {[%clk 00:19:47]} {[%emt
00:00:58]} Qxe8 {[%clk 00:47:17]} {[%emt 00:00:05]} 27. Re1 {[%clk 00:19:56]}
{[%emt 00:00:21]} Qb8 {[%clk 00:47:11]} {[%emt 00:00:35]} 28. Bh2 {[%clk
00:14:03]} {[%emt 00:06:23]} Nf6 {[%clk 00:45:49]} {[%emt 00:01:52]} 29. g4
{[%clk 00:13:13]} {[%emt 00:01:19]} a6 {[%clk 00:43:56]} {[%emt 00:02:24]} 30.
bxa6 {[%clk 00:11:00]} {[%emt 00:02:42]} Rxa6 {[%clk 00:44:18]} {[%emt
00:00:09]} 31. Rb1 {[%clk 00:09:34]} {[%emt 00:01:56]} Qa7 {[%clk 00:41:36]}
{[%emt 00:03:12]} 32. Rb2 {[%clk 00:09:07]} {[%emt 00:00:57]} Ra5 {[%clk
00:40:52]} {[%emt 00:01:14]} 33. Qc2 {[%clk 00:06:01]} {[%emt 00:03:33]} b5
{[%clk 00:40:11]} {[%emt 00:01:14]} 34. cxb5 {[%clk 00:04:44]} {[%emt
00:01:47]} Nxd5 {[%clk 00:40:04]} {[%emt 00:00:37]} 35. Qf2 {[%clk 00:03:01]}
{[%emt 00:02:13]} Nc3 {[%clk 00:39:47]} {[%emt 00:00:47]} 36. b6 {[%clk
00:02:39]} {[%emt 00:00:52]} Qb8 {[%clk 00:37:49]} {[%emt 00:02:28]} 37. f5
{[%clk 00:01:51]} {[%emt 00:01:18]} Bxh2+ {[%clk 00:20:56]} {[%emt 00:17:23]}
38. Qxh2 {[%clk 00:02:06]} {[%emt 00:00:16]} Ra8 {[%clk 00:21:00]} {[%emt
00:00:26]} 39. Qxb8+ {[%clk 00:02:11]} {[%emt 00:00:24]} Rxb8 {[%clk 00:21:25]}
{[%emt 00:00:05]} 40. b7 {[%clk 00:02:25]} {[%emt 00:00:16]} Kf8 {[%clk
00:20:19]} {[%emt 00:01:36]} 41. Ba6 {[%clk 00:01:25]} {[%emt 00:01:31]} Ke7
{[%clk 00:18:28]} {[%emt 00:02:21]} 42. fxg6 {[%clk 00:20:05]} {[%emt
00:11:50]} hxg6 {[%clk 00:48:07]} {[%emt 00:00:49]} 43. Kf1 {[%clk 00:15:50]}
{[%emt 00:04:46]} Nd5 {[%clk 00:46:42]} {[%emt 00:01:56]} 44. Ke1 {[%clk
00:12:18]} {[%emt 00:03:59]} Kd6 {[%clk 00:45:46]} {[%emt 00:01:28]} 45. a3
{[%clk 00:08:41]} {[%emt 00:04:07]} f6 {[%clk 00:41:00]} {[%emt 00:05:16]} 46.
Kd2 {[%clk 00:06:38]} {[%emt 00:02:32]} Kc6 {[%clk 00:40:37]} {[%emt 00:00:54]}
47. Bc4 {[%clk 00:05:35]} {[%emt 00:01:26]} Nc7 {[%clk 00:39:15]} {[%emt
00:02:00]} 48. Bd3 {[%clk 00:04:08]} {[%emt 00:01:56]} g5 {[%clk 00:37:19]}
{[%emt 00:02:25]} 49. Be4+ {[%clk 00:03:44]} {[%emt 00:00:55]} Nd5 {[%clk
00:31:26]} {[%emt 00:06:23]} 50. Kd3 {[%clk 00:03:29]} {[%emt 00:00:44]} Kd6
{[%clk 00:31:34]} {[%emt 00:00:23]} 51. Kc4 {[%clk 00:03:02]} {[%emt 00:00:56]}
Nc3 {[%clk 00:27:20]} {[%emt 00:04:44]} 52. Bg2 {[%clk 00:02:56]} {[%emt
00:00:36]} Kc7 {[%clk 00:24:54]} {[%emt 00:02:57]} 53. Rf2 {[%clk 00:02:05]}
{[%emt 00:01:16]} Nd1 {[%clk 00:23:55]} {[%emt 00:01:33]} 54. Rd2 {[%clk
00:01:59]} {[%emt 00:00:36]} Ne3+ {[%clk 00:24:05]} {[%emt 00:00:20]} 55. Kxc5
{[%clk 00:02:09]} {[%emt 00:00:20]} Nxg2 {[%clk 00:23:55]} {[%emt 00:00:40]}
56. Rxg2 {[%clk 00:02:29]} {[%emt 00:00:10]} Rxb7 {[%clk 00:22:56]} {[%emt
00:01:29]} 57. Kc4 {[%clk 00:02:37]} {[%emt 00:00:21]} Ra7 {[%clk 00:20:29]}
{[%emt 00:02:58]} 58. Rg3 {[%clk 00:02:27]} {[%emt 00:00:40]} Kd6 {[%clk
00:20:48]} {[%emt 00:00:12]} 59. Rb3 {[%clk 00:02:04]} {[%emt 00:00:52]} Ke5
{[%clk 00:19:39]} {[%emt 00:01:40]} 60. Kd3 {[%clk 00:02:07]} {[%emt 00:00:26]}
Ra4 {[%clk 00:19:09]} {[%emt 00:00:59]} 61. Rb5+ {[%clk 00:01:55]} {[%emt
00:00:42]} Kf4 {[%clk 00:18:53]} {[%emt 00:00:48]} 62. Rb3 {[%clk 00:02:04]}
{[%emt 00:00:20]} Ke5 {[%clk 00:17:37]} {[%emt 00:01:46]} 63. Kd2 {[%clk
00:01:46]} {[%emt 00:00:46]} 1/2-1/2

[Event "DEM U14w 2025"]
[Site "Willingen GER"]
[Date "2025.06.13"]
[Round "8"]
[White "Komar, Valerie"]
[Black "Margaryan, Mane"]
[Result "1-0"]
[Termination "normal"]
[Board "7"]
[WhiteElo "1765"]
[BlackElo "1519"]
[WhiteClock "00:21:50"]
[BlackClock "00:04:08"]
[PlyCount "105"]
[WhiteFideId "34139664"]
[BlackFideId "16268237"]
[EventCountry "GER"]
[EventRounds "9"]
[EventType "swiss"]
[EventDate "2025.06.07"]

1. d4 {[%clk 01:30:56]} {[%emt 00:00:04]} Nf6 {[%clk 01:30:56]} {[%emt
00:00:05]} 2. c4 {[%clk 01:31:22]} {[%emt 00:00:04]} Nc6 {[%clk 01:31:17]}
{[%emt 00:00:09]} 3. Nf3 {[%clk 01:30:37]} {[%emt 00:01:15]} e6 {[%clk
01:30:40]} {[%emt 00:01:07]} 4. a3 {[%clk 01:30:23]} {[%emt 00:00:43]} d6
{[%clk 01:29:22]} {[%emt 00:01:48]} 5. Nc3 {[%clk 01:29:47]} {[%emt 00:01:06]}
g6 {[%clk 01:25:36]} {[%emt 00:04:16]} 6. e4 {[%clk 01:28:51]} {[%emt
00:01:27]} Bg7 {[%clk 01:24:17]} {[%emt 00:01:48]} 7. Be2 {[%clk 01:28:34]}
{[%emt 00:00:47]} O-O {[%clk 01:23:54]} {[%emt 00:00:53]} 8. O-O {[%clk
01:28:50]} {[%emt 00:00:15]} Re8 {[%clk 01:23:21]} {[%emt 00:01:03]} 9. Bg5
{[%clk 01:25:46]} {[%emt 00:03:32]} h6 {[%clk 01:21:26]} {[%emt 00:02:26]} 10.
Bh4 {[%clk 01:21:48]} {[%emt 00:04:28]} g5 {[%clk 01:17:37]} {[%emt 00:04:19]}
11. Bg3 {[%clk 01:22:17]} {[%emt 00:00:02]} Nh5 {[%clk 01:17:01]} {[%emt
00:01:05]} 12. d5 {[%clk 01:17:06]} {[%emt 00:05:41]} Ne7 {[%clk 01:14:11]}
{[%emt 00:03:20]} 13. Nd4 {[%clk 01:10:32]} {[%emt 00:07:04]} Nxg3 {[%clk
01:12:42]} {[%emt 00:01:59]} 14. hxg3 {[%clk 01:11:00]} {[%emt 00:00:02]} e5
{[%clk 01:08:42]} {[%emt 00:04:31]} 15. Nc2 {[%clk 01:10:50]} {[%emt 00:00:40]}
a6 {[%clk 00:54:56]} {[%emt 00:14:16]} 16. Bh5 {[%clk 01:07:45]} {[%emt
00:03:34]} Bd7 {[%clk 00:50:02]} {[%emt 00:05:25]} 17. a4 {[%clk 01:05:35]}
{[%emt 00:02:40]} Rf8 {[%clk 00:47:42]} {[%emt 00:02:49]} 18. g4 {[%clk
01:01:06]} {[%emt 00:05:00]} Kh8 {[%clk 00:42:04]} {[%emt 00:06:07]} 19. Ne3
{[%clk 01:00:01]} {[%emt 00:01:35]} Ng8 {[%clk 00:41:52]} {[%emt 00:00:42]} 20.
Ne2 {[%clk 00:59:06]} {[%emt 00:01:26]} Nf6 {[%clk 00:39:24]} {[%emt 00:02:57]}
21. Ng3 {[%clk 00:59:07]} {[%emt 00:00:29]} b5 {[%clk 00:36:12]} {[%emt
00:03:42]} 22. b3 {[%clk 00:57:41]} {[%emt 00:01:57]} bxa4 {[%clk 00:32:25]}
{[%emt 00:04:16]} 23. bxa4 {[%clk 00:57:08]} {[%emt 00:01:03]} Be8 {[%clk
00:29:26]} {[%emt 00:03:29]} 24. Nef5 {[%clk 00:52:06]} {[%emt 00:05:31]} Nd7
{[%clk 00:28:23]} {[%emt 00:01:33]} 25. Ne2 {[%clk 00:49:02]} {[%emt 00:03:34]}
Nc5 {[%clk 00:27:47]} {[%emt 00:01:06]} 26. Nc3 {[%clk 00:49:25]} {[%emt
00:00:07]} Rb8 {[%clk 00:27:14]} {[%emt 00:01:04]} 27. Qc2 {[%clk 00:33:54]}
{[%emt 00:16:00]} Rb4 {[%clk 00:23:34]} {[%emt 00:04:10]} 28. Ne3 {[%clk
00:31:54]} {[%emt 00:02:30]} Qd7 {[%clk 00:14:45]} {[%emt 00:09:19]} 29. Rfb1
{[%clk 00:27:29]} {[%emt 00:04:55]} Rxb1+ {[%clk 00:10:39]} {[%emt 00:04:36]}
30. Qxb1 {[%clk 00:27:53]} {[%emt 00:00:06]} f6 {[%clk 00:08:20]} {[%emt
00:02:49]} 31. Kh2 {[%clk 00:12:37]} {[%emt 00:15:46]} Kg8 {[%clk 00:05:52]}
{[%emt 00:02:57]} 32. Kg3 {[%clk 00:05:52]} {[%emt 00:07:16]} Bxh5 {[%clk
00:02:43]} {[%emt 00:03:40]} 33. gxh5 {[%clk 00:06:20]} {[%emt 00:00:02]} Qf7
{[%clk 00:01:50]} {[%emt 00:01:23]} 34. Qd1 {[%clk 00:02:42]} {[%emt 00:04:07]}
Nxe4+ {[%clk 00:01:17]} {[%emt 00:01:03]} 35. Nxe4 {[%clk 00:01:47]} {[%emt
00:01:26]} f5 {[%clk 00:01:41]} {[%emt 00:00:06]} 36. Nxd6 {[%clk 00:00:33]}
{[%emt 00:01:44]} cxd6 {[%clk 00:01:07]} {[%emt 00:01:03]} 37. Kh2 {[%clk
00:00:44]} {[%emt 00:00:18]} g4 {[%clk 00:00:43]} {[%emt 00:00:56]} 38. Rb1
{[%clk 00:00:32]} {[%emt 00:00:42]} Qxh5+ {[%clk 00:00:52]} {[%emt 00:00:21]}
39. Kg1 {[%clk 00:01:01]} {[%emt 00:00:01]} Ra8 {[%clk 00:00:34]} {[%emt
00:00:48]} 40. Rb6 {[%clk 00:00:42]} {[%emt 00:00:48]} Bf8 {[%clk 00:00:33]}
{[%emt 00:00:30]} 41. Qb1 {[%clk 00:00:31]} {[%emt 00:00:42]} f4 {[%clk
00:27:22]} {[%emt 00:03:41]} 42. Rb7 {[%clk 00:29:52]} {[%emt 00:01:09]} Bg7
{[%clk 00:25:17]} {[%emt 00:02:36]} 43. Nf5 {[%clk 00:27:23]} {[%emt 00:02:59]}
Bf6 {[%clk 00:12:50]} {[%emt 00:12:56]} 44. Nxd6 {[%clk 00:21:15]} {[%emt
00:06:38]} Bg7 {[%clk 00:03:32]} {[%emt 00:09:48]} 45. Rxg7+ {[%clk 00:19:11]}
{[%emt 00:02:34]} Kxg7 {[%clk 00:03:49]} {[%emt 00:00:13]} 46. Qb7+ {[%clk
00:19:39]} {[%emt 00:00:02]} Kf6 {[%clk 00:03:47]} {[%emt 00:00:32]} 47. Qxa8
{[%clk 00:19:34]} {[%emt 00:00:35]} g3 {[%clk 00:03:20]} {[%emt 00:00:57]} 48.
Qf8+ {[%clk 00:19:56]} {[%emt 00:00:08]} Kg5 {[%clk 00:03:34]} {[%emt
00:00:16]} 49. Qf5+ {[%clk 00:20:22]} {[%emt 00:00:03]} Kh4 {[%clk 00:03:37]}
{[%emt 00:00:28]} 50. Qh3+ {[%clk 00:20:38]} {[%emt 00:00:13]} Kg5 {[%clk
00:03:50]} {[%emt 00:00:18]} 51. Ne4+ {[%clk 00:21:00]} {[%emt 00:00:07]} Kg6
{[%clk 00:03:47]} {[%emt 00:00:34]} 52. Qxh5+ {[%clk 00:21:22]} {[%emt
00:00:08]} Kxh5 {[%clk 00:04:08]} {[%emt 00:00:08]} 53. d6 {[%clk 00:21:50]}
{[%emt 00:00:03]} 1-0